Stoner McTavish /

Saved in:
Bibliografiske detaljer
Hovedforfatter: Dreher, Sarah
Format: Bog
Sprog:engelsk
Udgivet: London Pandora Press 1987
Serier:Women crime writers
Tags: Tilføj Tag
Ingen Tags, Vær først til at tagge denne postø!

MARC

LEADER 00000nam a2200000 4500
001 CDOM0000002007
003 mi
005 20251013173129.0
008 251013b |||||||| |||| 00| 0 eng d
020 |a 0863582419 
040 |c mi 
041 |a eng 
082 |a 813.54 
100 |a Dreher, Sarah 
245 1 |a Stoner McTavish /  |c Sarah Dreher 
260 |a London  |b Pandora Press  |c 1987 
300 |a VI, 276 p. ;  |c 20 cm. 
490 |a Women crime writers 
942 |2 ddc  |c BK 
952 |0 0  |1 0  |2 ddc  |4 0  |6 B_LNR02DRESASTO11  |7 0  |9 5735  |a MI  |b MI  |d 2006-01-26  |i 5085  |l 0  |o B-LNR02-DRESA-STO11  |p CDOM5085  |r 2025-07-13 16:28:00  |w 2025-07-13  |x ACQUISTO  |y BK 
999 |c 4578  |d 4578